[Event "Moscow Aeroflot op-A"]
[Site "Moscow"]
[Date "2020.02.21"]
[Round "3"]
[White "Sarana, Alexey"]
[Black "Vaibhav, Suri"]
[Result "1/2-1/2"]
[WhiteElo "2656"]
[BlackElo "2591"]
[PlyCount "71"]
[EventDate "2020.02.19"]
[EventType "swiss"]
[EventRounds "9"]
[EventCountry "RUS"]
[SourceTitle "CBM 195"]
[Source "ChessBase"]
[SourceDate "2020.04.30"]
[SourceVersion "1"]
[SourceVersionDate "2020.04.30"]
[SourceQuality "1"]

1. e4 e5 2. Nf3 Nc6 3. Bb5 a6 4. Ba4 Nf6 5. O-O Bc5 6. c3 b5 7. Bb3 d6 8. a4
Bb7 9. d4 Bb6 10. Bg5 h6 11. Bxf6 Qxf6 12. Bd5 O-O 13. dxe5 dxe5 14. Na3 Rad8
15. Qc2 Bc8 16. Bxc6 Qxc6 17. axb5 axb5 18. Nxe5 Qe6 19. Nf3 Bb7 20. Rae1 Rfe8
21. Nd2 f5 22. Nxb5 fxe4 23. Nd4 Qd5 24. Re3 Bxd4 25. cxd4 c5 26. Rfe1 cxd4 27.
Rxe4 d3 28. Qc4 Rxe4 29. Rxe4 Rc8 30. Qxd5+ Bxd5 31. Re1 Rc2 32. Rd1 Rxb2 33.
f3 Kf7 34. Ne4 Bxe4 35. fxe4 Re2 36. Rxd3 1/2-1/2

[Event "Moscow Aeroflot op-A"]
[Site "Moscow"]
[Date "2020.02.21"]
[Round "3"]
[White "Sargissian, Gabriel"]
[Black "Bharath, Subramaniyam H"]
[Result "0-1"]
[WhiteElo "2689"]
[BlackElo "2402"]
[PlyCount "74"]
[EventDate "2020.02.19"]
[EventType "swiss"]
[EventRounds "9"]
[EventCountry "RUS"]
[SourceTitle "CBM 195"]
[Source "ChessBase"]
[SourceDate "2020.04.30"]
[SourceVersion "1"]
[SourceVersionDate "2020.04.30"]
[SourceQuality "1"]

1. d4 Nf6 2. c4 e6 3. Nf3 d5 4. Nc3 c6 5. g3 dxc4 6. Bg2 b5 7. Ne5 a6 8. O-O
Bb7 9. b3 b4 10. Ne4 Nxe4 11. Bxe4 c3 12. a3 a5 13. axb4 Bxb4 14. Bf4 O-O 15.
Qd3 h6 16. g4 Nd7 17. Qg3 Nf6 18. Bf3 Nd5 19. Nd3 Nxf4 20. Qxf4 Bd6 21. Qe3 Qh4
22. Rfc1 Qxh2+ 23. Kf1 Bb4 24. Nc5 Ra7 25. Nd3 Raa8 26. Nc5 Bc8 27. Nd3 Bd7 28.
Ne5 Rfd8 29. Rxc3 Bxc3 30. Qxc3 Be8 31. e3 f6 32. Nxc6 Rac8 33. Rxa5 Bxc6 34.
Bxc6 Qh3+ 35. Ke1 Qxg4 36. b4 e5 37. d5 Rxc6 0-1

[Event "Moscow Aeroflot op-A"]
[Site "Moscow"]
[Date "2020.02.21"]
[Round "3"]
[White "Savchenko, Boris"]
[Black "Radovanovic, Mihajlo"]
[Result "1-0"]
[WhiteElo "2573"]
[BlackElo "2458"]
[PlyCount "47"]
[EventDate "2020.02.19"]
[EventType "swiss"]
[EventRounds "9"]
[EventCountry "RUS"]
[SourceTitle "CBM 195"]
[Source "ChessBase"]
[SourceDate "2020.04.30"]
[SourceVersion "1"]
[SourceVersionDate "2020.04.30"]
[SourceQuality "1"]

1. e4 c5 2. Nf3 d6 3. d4 cxd4 4. Nxd4 Nf6 5. Nc3 g6 6. Be3 Bg7 7. f3 Nc6 8. Qd2
O-O 9. Bc4 Bd7 10. O-O-O Rb8 11. Be2 a6 12. g4 b5 13. h4 Qa5 14. Nb3 Qc7 15.
Bh6 Bxh6 16. Qxh6 Be6 17. h5 Bxb3 18. axb3 e6 19. g5 Ne8 20. f4 b4 21. Bc4 Nd8
22. Nd5 exd5 23. Bxd5 Rc8 24. Rd2 1-0

[Event "Moscow Aeroflot op-A"]
[Site "Moscow"]
[Date "2020.02.21"]
[Round "3"]
[White "Shimanov, Aleksandr"]
[Black "Gokerkan, Cem Kaan"]
[Result "1/2-1/2"]
[WhiteElo "2587"]
[BlackElo "2461"]
[PlyCount "122"]
[EventDate "2020.02.19"]
[EventType "swiss"]
[EventRounds "9"]
[EventCountry "RUS"]
[SourceTitle "CBM 195"]
[Source "ChessBase"]
[SourceDate "2020.04.30"]
[SourceVersion "1"]
[SourceVersionDate "2020.04.30"]
[SourceQuality "1"]

1. d4 Nf6 2. Nf3 d5 3. c4 e6 4. Nc3 Be7 5. Bg5 h6 6. Bh4 O-O 7. e3 Nbd7 8. Rc1
a6 9. cxd5 exd5 10. Bd3 Re8 11. Bg3 c6 12. O-O Bf8 13. h3 Ne4 14. Bxe4 dxe4 15.
Nd2 f5 16. Qb3+ Kh7 17. Qf7 Nf6 18. Be5 Ng8 19. Bc7 Be6 20. Qxe6 Rxe6 21. Bxd8
Rxd8 22. Nc4 Nf6 23. a3 Nd5 24. Na5 Re7 25. b4 f4 26. Nb3 fxe3 27. Nxd5 exf2+
28. Rxf2 cxd5 29. Rfc2 g6 30. Kf2 h5 31. Ke2 Kh6 32. Rc8 Rxc8 33. Rxc8 Bg7 34.
a4 Bf6 35. a5 Rf7 36. Rc5 Rd7 37. Rc8 Rf7 38. Rc5 Rd7 39. Rc8 Bh4 40. Rf8 Kg7
41. Rf1 b6 42. axb6 Rb7 43. Nc5 Rxb6 44. Rb1 Be7 45. Kd2 Rf6 46. Ke2 Bd6 47.
Nd7 Rf5 48. Nc5 Rf6 49. Nd7 Rf5 50. Nc5 Kh6 51. Nxa6 Rg5 52. Kf1 Bg3 53. Ke2
Bd6 54. Kf1 Bg3 55. Ke2 Bh4 56. Rg1 Rg3 57. Nc7 Rb3 58. Rd1 Rb2+ 59. Rd2 Rb1
60. Rd1 Rb2+ 61. Rd2 Rb1 1/2-1/2

[Event "Moscow Aeroflot op-A"]
[Site "Moscow"]
[Date "2020.02.21"]
[Round "3"]
[White "Sindarov, Javokhir"]
[Black "Kobalia, Mihail"]
[Result "1/2-1/2"]
[WhiteElo "2537"]
[BlackElo "2609"]
[PlyCount "109"]
[EventDate "2020.02.19"]
[EventType "swiss"]
[EventRounds "9"]
[EventCountry "RUS"]
[SourceTitle "CBM 195"]
[Source "ChessBase"]
[SourceDate "2020.04.30"]
[SourceVersion "1"]
[SourceVersionDate "2020.04.30"]
[SourceQuality "1"]

1. e4 e5 2. Nf3 Nc6 3. Bb5 Nf6 4. d3 Bc5 5. c3 d5 6. Nbd2 O-O 7. O-O dxe4 8.
dxe4 a5 9. Bxc6 bxc6 10. Nxe5 Re8 11. Nb3 Qxd1 12. Rxd1 Bb6 13. Nc4 Nxe4 14.
Nxb6 cxb6 15. f3 Nc5 16. Nxc5 bxc5 17. Bf4 Bf5 18. Rd6 Re6 19. Rad1 h5 20. Rd8+
Re8 21. Rxa8 Rxa8 22. Re1 f6 23. Re7 a4 24. a3 Rd8 25. Kf2 Rd1 26. Re1 Rxe1 27.
Kxe1 c4 28. Kd2 Kf7 29. Ke3 c5 30. Bd6 Bc2 31. Bxc5 Bb3 32. Kd4 Ba2 33. Bd6 Ke6
34. Bf4 Bb3 35. Bc1 Kd6 36. g4 hxg4 37. fxg4 Ke6 38. h4 Kd6 39. Bd2 Ke6 40. Bf4
Ba2 41. Bd2 Bb3 42. Bc1 Kd6 43. Bf4+ Ke6 44. Kc5 Ba2 45. Be3 Ke5 46. h5 Ke6 47.
Bd4 Kf7 48. Kd5 Bb3 49. Be3 Ba2 50. h6 gxh6 51. Bxh6 Bb3 52. Bc1 Ke7 53. g5
fxg5 54. Bxg5+ Kd7 55. Bf4 1/2-1/2

[Event "Moscow Aeroflot op-A"]
[Site "Moscow"]
[Date "2020.02.21"]
[Round "3"]
[White "Sivuk, Vitaly"]
[Black "Nikitenko, Mihail"]
[Result "1/2-1/2"]
[WhiteElo "2557"]
[BlackElo "2440"]
[PlyCount "78"]
[EventDate "2020.02.19"]
[EventType "swiss"]
[EventRounds "9"]
[EventCountry "RUS"]
[SourceTitle "CBM 195"]
[Source "ChessBase"]
[SourceDate "2020.04.30"]
[SourceVersion "1"]
[SourceVersionDate "2020.04.30"]
[SourceQuality "1"]

1. d4 d5 2. c4 c6 3. Nf3 Nf6 4. Nc3 dxc4 5. e4 b5 6. Be2 e6 7. O-O Bb7 8. b3 b4
9. e5 Nfd7 10. Ne4 cxb3 11. Nfg5 Be7 12. Bc4 b2 13. Bxb2 Bxg5 14. Nd6+ Kf8 15.
f4 Be7 16. f5 Bxd6 17. fxe6 Nxe5 18. Qh5 Ng6 19. Rxf7+ Ke8 20. e7 Bxe7 21. Re1
a5 22. Rfxe7+ Qxe7 23. Rxe7+ Kxe7 24. Qc5+ Kd7 25. Qb6 Ba6 26. Qxa5 Ne7 27. d5
cxd5 28. Bxd5 Bb7 29. Qb5+ Bc6 30. Bxc6+ Nbxc6 31. Bxg7 Rhg8 32. Bf6 Rxa2 33.
g3 Rb8 34. Qd3+ Ke8 35. Qxh7 b3 36. Qh5+ Kd7 37. Qg4+ Kd6 38. Qf4+ Ke6 39. Bxe7
Ne5 1/2-1/2

[Event "Moscow Aeroflot op-A"]
[Site "Moscow"]
[Date "2020.02.21"]
[Round "3"]
[White "Soumya, Swaminathan"]
[Black "Kozak, Adam"]
[Result "1/2-1/2"]
[WhiteElo "2369"]
[BlackElo "2523"]
[PlyCount "157"]
[EventDate "2020.02.19"]
[EventType "swiss"]
[EventRounds "9"]
[EventCountry "RUS"]
[SourceTitle "CBM 195"]
[Source "ChessBase"]
[SourceDate "2020.04.30"]
[SourceVersion "1"]
[SourceVersionDate "2020.04.30"]
[SourceQuality "1"]

1. e4 e5 2. Nf3 Nc6 3. Bb5 a6 4. Ba4 Nf6 5. O-O Be7 6. d3 b5 7. Bb3 d6 8. Bd2
Bd7 9. Re1 O-O 10. h3 Rb8 11. a3 Be6 12. Ba2 h6 13. Nc3 Re8 14. Nd5 Nd7 15. b4
Bf6 16. c3 Rc8 17. Be3 Ne7 18. Nxf6+ Nxf6 19. Bb1 Ng6 20. d4 Qe7 21. Nd2 Nh7
22. Bd3 Ng5 23. Qh5 Qf6 24. Bf1 Nf4 25. Bxf4 Qxf4 26. Re3 g6 27. Qe2 c6 28. g3
Qf6 29. h4 Nh7 30. dxe5 dxe5 31. c4 Red8 32. Rc1 Rd4 33. cxb5 axb5 34. Nb3 Bc4
35. Qb2 Bxf1 36. Rxf1 Rd6 37. f4 exf4 38. e5 Qe7 39. gxf4 Rd5 40. Qf2 Rcd8 41.
Nc5 Rd1 42. Ree1 Rxe1 43. Rxe1 Kh8 44. Kh2 Rd5 45. Re2 Nf8 46. h5 Ne6 47. Nxe6
Qxe6 48. hxg6 fxg6 49. Qg3 Kh7 50. Qh3 Qe7 51. Qg4 h5 52. Qg3 Qe6 53. Qg5 Rd3
54. f5 Qxf5 55. Qxf5 gxf5 56. e6 Rd8 57. e7 Re8 58. Re6 Kg7 59. Kg3 Kf7 60.
Rxc6 Rxe7 61. Kf4 h4 62. Kxf5 h3 63. Rc3 h2 64. Rh3 Re2 65. Kf4 Ke6 66. Kf3 Ra2
67. Ke4 Ke7 68. Rh6 Kf7 69. Rh3 Kg6 70. Kf4 Rc2 71. Rh8 Ra2 72. Rh3 Rxa3 73.
Rxh2 Rb3 74. Ke5 Rxb4 75. Kd5 Rc4 76. Rb2 Rg4 77. Rxb5 Rg5+ 78. Kc4 Rxb5 79.
Kxb5 1/2-1/2

[Event "Moscow Aeroflot op-A"]
[Site "Moscow"]
[Date "2020.02.21"]
[Round "3"]
[White "Sreeshwan, Maralakshikari"]
[Black "Iljiushenok, Ilia"]
[Result "0-1"]
[WhiteElo "2440"]
[BlackElo "2519"]
[PlyCount "88"]
[EventDate "2020.02.19"]
[EventType "swiss"]
[EventRounds "9"]
[EventCountry "RUS"]
[SourceTitle "CBM 195"]
[Source "ChessBase"]
[SourceDate "2020.04.30"]
[SourceVersion "1"]
[SourceVersionDate "2020.04.30"]
[SourceQuality "1"]

1. d4 Nf6 2. c4 e6 3. Nc3 Bb4 4. e3 O-O 5. Bd3 d5 6. Nf3 dxc4 7. Bxc4 c5 8. O-O
cxd4 9. exd4 b6 10. Bg5 Bb7 11. Qe2 Bxc3 12. bxc3 Nbd7 13. Rac1 Qc7 14. Nd2 Nd5
15. f3 Rac8 16. Rfe1 N7f6 17. Qf1 Nh5 18. Bh4 Qd7 19. Bf2 Rc7 20. Bb5 Bc6 21.
Bd3 Rfc8 22. g3 Nhf6 23. c4 Ne7 24. Be3 Bb7 25. g4 Rd8 26. Bb1 Ng6 27. Nb3 Qd6
28. Red1 Rcc8 29. g5 Nh5 30. Be4 Qe7 31. Qh3 Nhf4 32. Bxf4 Bxe4 33. Be3 Bb7 34.
Qg4 Qa3 35. Rc2 Ne5 36. Qf4 Nxf3+ 37. Kf2 e5 38. Qf5 exd4 39. Nxd4 Nxd4 40.
Bxd4 Qd6 41. Kg1 Qc6 42. Qe5 Qh1+ 43. Kf2 Qf3+ 44. Ke1 Re8 0-1

[Event "Moscow Aeroflot op-A"]
[Site "Moscow"]
[Date "2020.02.21"]
[Round "3"]
[White "Suleymanli, Aydin Elshan"]
[Black "Praggnanandhaa, Rameshbabu"]
[Result "1/2-1/2"]
[WhiteElo "2474"]
[BlackElo "2602"]
[PlyCount "125"]
[EventDate "2020.02.19"]
[EventType "swiss"]
[EventRounds "9"]
[EventCountry "RUS"]
[SourceTitle "CBM 195"]
[Source "ChessBase"]
[SourceDate "2020.04.30"]
[SourceVersion "1"]
[SourceVersionDate "2020.04.30"]
[SourceQuality "1"]

1. c4 b6 2. Nc3 Bb7 3. Nf3 Nf6 4. d4 g6 5. Qc2 Bg7 6. Bg5 d6 7. h3 O-O 8. e3 a6
9. Be2 c5 10. O-O Nbd7 11. d5 b5 12. e4 b4 13. Nd1 e6 14. Ne3 Qc7 15. Rad1 Rfe8
16. Nd2 a5 17. Rde1 a4 18. Qb1 b3 19. a3 Ba6 20. Bf4 Re7 21. Bg5 Ree8 22. h4
exd5 23. exd5 h5 24. Bf4 Re7 25. Bg5 Rae8 26. Qc1 Ne5 27. Nb1 Ne4 28. Bf4 Qa5
29. f3 Nf6 30. Bg5 Ned7 31. Bd3 Nh7 32. Bxe7 Rxe7 33. Nc3 Bd4 34. Kh1 Qd8 35.
g3 Ne5 36. Bb1 Nxc4 37. Nxc4 Bxc4 38. Rxe7 Qxe7 39. Re1 Qd7 40. Kg2 Nf6 41. Ne2
Bxe2 42. Rxe2 Nxd5 43. Qg5 Nf6 44. Bd3 Kg7 45. Rd2 Qc6 46. Re2 c4 47. Bb1 Qc7
48. Qd2 Bc5 49. Qg5 Ba7 50. Re6 Qd8 51. Bxg6 fxg6 52. Qf4 d5 53. Qe5 Kf7 54.
Rc6 Bb8 55. Qe6+ Kg7 56. g4 hxg4 57. fxg4 d4 58. Kh3 g5 59. h5 d3 60. Qf5 d2
61. h6+ Kf7 62. Qe6+ Kg6 63. Qf5+ 1/2-1/2

[Event "Moscow Aeroflot op-A"]
[Site "Moscow"]
[Date "2020.02.21"]
[Round "3"]
[White "Svane, Rasmus"]
[Black "Visakh, NR."]
[Result "1/2-1/2"]
[WhiteElo "2608"]
[BlackElo "2518"]
[PlyCount "133"]
[EventDate "2020.02.19"]
[EventType "swiss"]
[EventRounds "9"]
[EventCountry "RUS"]
[SourceTitle "CBM 195"]
[Source "ChessBase"]
[SourceDate "2020.04.30"]
[SourceVersion "1"]
[SourceVersionDate "2020.04.30"]
[SourceQuality "1"]

1. Nf3 c5 2. c4 Nc6 3. Nc3 g6 4. e3 Nf6 5. d4 cxd4 6. exd4 d5 7. cxd5 Nxd5 8.
Qb3 e6 9. Bb5 Bg7 10. O-O O-O 11. Bxc6 bxc6 12. Re1 Qc7 13. Bd2 Rb8 14. Qa3
Nxc3 15. Bxc3 Qb7 16. Qd6 Qa8 17. Ne5 Rb5 18. Nxc6 Bb7 19. d5 Bxc6 20. Bxg7 Rd8
21. Qe7 Rdxd5 22. Bc3 Qd8 23. Rxe6 Qxe7 24. Rxe7 Rb7 25. Re3 g5 26. Rae1 h6 27.
h3 Kh7 28. Rf3 Rd6 29. Rf5 Kg6 30. Ra5 Bd7 31. Re4 a6 32. Rc5 Be6 33. a4 Rbd7
34. Rb4 Rd8 35. Kh2 Rc8 36. Re5 Rdc6 37. Ra5 Rd8 38. Kg3 Rd5 39. Rxd5 Bxd5 40.
Rb8 f6 41. f3 h5 42. Kf2 Re6 43. Rb4 h4 44. Rd4 Bc6 45. Bd2 Re5 46. Rc4 Bd7 47.
Be3 Re6 48. Rd4 Be8 49. b3 Rc6 50. Rd2 Rc3 51. Rd8 Kf7 52. Rb8 Rc2+ 53. Kg1 Rc6
54. Bd4 Rd6 55. Bc5 Re6 56. Kf2 Rc6 57. b4 a5 58. Bd4 Rc4 59. Bxf6 Kxf6 60.
Rxe8 axb4 61. Rb8 b3 62. a5 Ra4 63. Rxb3 Rxa5 64. Rb4 Ra2+ 65. Kg1 Kg6 66. Rg4
Kh5 67. f4 1/2-1/2

[Event "Moscow Aeroflot op-A"]
[Site "Moscow"]
[Date "2020.02.21"]
[Round "3"]
[White "Vignesh, NR."]
[Black "Lobanov, Sergei"]
[Result "1-0"]
[WhiteElo "2436"]
[BlackElo "2507"]
[PlyCount "111"]
[EventDate "2020.02.19"]
[EventType "swiss"]
[EventRounds "9"]
[EventCountry "RUS"]
[SourceTitle "CBM 195"]
[Source "ChessBase"]
[SourceDate "2020.04.30"]
[SourceVersion "1"]
[SourceVersionDate "2020.04.30"]
[SourceQuality "1"]

1. e4 e5 2. Nf3 Nc6 3. Bc4 Bc5 4. O-O Nf6 5. d3 O-O 6. Re1 d6 7. c3 a5 8. Nbd2
Ng4 9. Re2 Kh8 10. h3 f5 11. Bb5 Nf6 12. Bxc6 bxc6 13. d4 exd4 14. Nxd4 Bxd4
15. cxd4 a4 16. e5 Nd5 17. Nf3 f4 18. Qc2 Ba6 19. Re1 Bb5 20. Bd2 g6 21. exd6
cxd6 22. Re6 Qd7 23. Rae1 Rae8 24. Ng5 Rxe6 25. Rxe6 Nc7 26. Re1 Nd5 27. Qe4
Bc4 28. a3 Kg8 29. Qe6+ Qxe6 30. Rxe6 Rb8 31. Rxd6 Rxb2 32. Rd8+ Kg7 33. Rd7+
Kf6 34. h4 Kf5 35. Rf7+ Nf6 36. Rf8 Rxd2 37. Nxh7 Rxd4 38. Rxf6+ Ke5 39. Rxc6
Rd1+ 40. Kh2 Bd3 41. Nf8 Ra1 42. Nxg6+ Bxg6 43. Rxg6 Rxa3 44. Ra6 f3 45. Ra5+
Kd4 46. h5 fxg2 47. Kxg2 Rb3 48. h6 Rb8 49. h7 Rh8 50. Rxa4+ Ke5 51. Rh4 Kf6
52. Kg3 Kg7 53. Kg4 Kf6 54. Rh6+ Kg7 55. Kg5 Kf7 56. Ra6 1-0

[Event "Moscow Aeroflot op-A"]
[Site "Moscow"]
[Date "2020.02.21"]
[Round "3"]
[White "Zhou, Jianchao"]
[Black "Sethuraman, SP."]
[Result "1/2-1/2"]
[WhiteElo "2622"]
[BlackElo "2641"]
[PlyCount "32"]
[EventDate "2020.02.19"]
[EventType "swiss"]
[EventRounds "9"]
[EventCountry "RUS"]
[SourceTitle "CBM 195"]
[Source "ChessBase"]
[SourceDate "2020.04.30"]
[SourceVersion "1"]
[SourceVersionDate "2020.04.30"]
[SourceQuality "1"]

1. g3 d5 2. Nf3 Nf6 3. Bg2 c5 4. O-O g6 5. c4 Bg7 6. cxd5 Nxd5 7. d4 cxd4 8.
Nxd4 O-O 9. Nb5 Be6 10. Nd4 Bc8 11. Nb5 Be6 12. Bxd5 Bxd5 13. N1c3 Bxc3 14.
Nxc3 Be6 15. Bh6 Qxd1 16. Rfxd1 Rc8 1/2-1/2

[Event "Moscow Aeroflot op-A"]
[Site "Moscow"]
[Date "2020.02.21"]
[Round "3"]
[White "Zvjaginsev, Vadim"]
[Black "Zanan, Evgeny"]
[Result "1/2-1/2"]
[WhiteElo "2623"]
[BlackElo "2500"]
[PlyCount "103"]
[EventDate "2020.02.19"]
[EventType "swiss"]
[EventRounds "9"]
[EventCountry "RUS"]
[SourceTitle "CBM 195"]
[Source "ChessBase"]
[SourceDate "2020.04.30"]
[SourceVersion "1"]
[SourceVersionDate "2020.04.30"]
[SourceQuality "1"]

1. e4 e5 2. Nf3 Nc6 3. Bc4 Bc5 4. O-O Nf6 5. d3 d6 6. c3 h6 7. a4 a5 8. Na3 O-O
9. Nc2 Re8 10. Be3 Bxe3 11. Nxe3 Be6 12. Bb5 Bd7 13. Qb3 Rb8 14. Rad1 Ne7 15.
Bc4 Rf8 16. Qc2 c6 17. d4 Qc7 18. Rfe1 b5 19. Bf1 Rfe8 20. axb5 cxb5 21. c4
exd4 22. Nxd4 bxc4 23. Bxc4 Qb7 24. Nf3 Qxe4 25. Qd2 Ng6 26. Qxa5 Rxb2 27. Rxd6
Ne5 28. Nxe5 Qxe5 29. Qxe5 Rxe5 30. Red1 Be6 31. Bxe6 Rxe6 32. Rxe6 fxe6 33.
Rd8+ Kf7 34. g3 Rb1+ 35. Kg2 Rc1 36. h4 g5 37. Rd4 Rc5 38. Ra4 gxh4 39. Rxh4 h5
40. Ra4 Kg6 41. Ra6 e5 42. Kh3 Kg5 43. Ra8 Kg6 44. Ra7 Ne4 45. Kg2 Nf6 46. Kf3
Rb5 47. Re7 Rc5 48. Re6 Kg5 49. Ke2 Kg6 50. Kf3 Kg5 51. Kg2 Ng4 52. Nxg4
1/2-1/2

[Event "Moscow Aeroflot op-A"]
[Site "Moscow"]
[Date "2020.02.22"]
[Round "4"]
[White "Abdumalik, Zhansaya"]
[Black "Sreeshwan, Maralakshikari"]
[Result "1/2-1/2"]
[WhiteElo "2471"]
[BlackElo "2440"]
[PlyCount "65"]
[EventDate "2020.02.19"]
[EventType "swiss"]
[EventRounds "9"]
[EventCountry "RUS"]
[SourceTitle "CBM 195"]
[Source "ChessBase"]
[SourceDate "2020.04.30"]
[SourceVersion "1"]
[SourceVersionDate "2020.04.30"]
[SourceQuality "1"]

1. e4 c6 2. d4 d5 3. Nd2 dxe4 4. Nxe4 Bf5 5. Ng3 Bg6 6. h4 h6 7. Nf3 e6 8. Ne5
Bh7 9. Bd3 Bxd3 10. Qxd3 Nd7 11. f4 Bb4+ 12. c3 Be7 13. Bd2 Ngf6 14. O-O-O c5
15. Be3 O-O 16. Kb1 Rc8 17. Qe2 Qc7 18. Nxd7 Nxd7 19. d5 exd5 20. Nf5 Nf6 21.
g4 Qd7 22. Bd4 Rfe8 23. Bxf6 Bxf6 24. Qd3 c4 25. Qxd5 Qa4 26. Qd7 b5 27. Nd6
Rcd8 28. Qxf7+ Kh8 29. b3 cxb3 30. Qxb3 Qxb3+ 31. axb3 Re3 32. g5 Bxc3 33. Nxb5
1/2-1/2

[Event "Moscow Aeroflot op-A"]
[Site "Moscow"]
[Date "2020.02.22"]
[Round "4"]
[White "Adhiban, Baskaran"]
[Black "Can, Emre"]
[Result "1-0"]
[WhiteElo "2654"]
[BlackElo "2600"]
[PlyCount "83"]
[EventDate "2020.02.19"]
[EventType "swiss"]
[EventRounds "9"]
[EventCountry "RUS"]
[SourceTitle "CBM 195"]
[Source "ChessBase"]
[SourceDate "2020.04.30"]
[SourceVersion "1"]
[SourceVersionDate "2020.04.30"]
[SourceQuality "1"]

1. e4 c5 2. Nf3 d6 3. d4 cxd4 4. Nxd4 Nf6 5. Nc3 Nc6 6. Bc4 e6 7. Be3 a6 8. Qe2
Be7 9. O-O-O Nxd4 10. Bxd4 b5 11. Bb3 O-O 12. e5 dxe5 13. Bxe5 Qb6 14. Ne4 Nxe4
15. Qxe4 Bg5+ 16. Kb1 Bb7 17. Qg4 Bh6 18. Rd7 Qc6 19. Bxe6 Bc8 20. Rd6 Qc5 21.
Bxc8 Raxc8 22. Qe4 f6 23. Bg3 f5 24. Qd3 f4 25. Bh4 Qh5 26. Be7 Rfe8 27. Rd7
Qe5 28. Bb4 Qe2 29. Qxe2 Rxe2 30. Rd2 Re4 31. f3 Rxb4 32. b3 Bg5 33. a3 a5 34.
axb4 axb4 35. Rd6 Bf6 36. Rhd1 Kf7 37. R1d4 Be5 38. Rd7+ Ke6 39. Rd8 Rc6 40.
Re4 Kf6 41. Rf8+ Ke7 42. Rf5 1-0

[Event "Moscow Aeroflot op-A"]
[Site "Moscow"]
[Date "2020.02.22"]
[Round "4"]
[White "Aditya, Mittal"]
[Black "Sengupta, Deep"]
[Result "1/2-1/2"]
[WhiteElo "2427"]
[BlackElo "2534"]
[PlyCount "88"]
[EventDate "2020.02.19"]
[EventType "swiss"]
[EventRounds "9"]
[EventCountry "RUS"]
[SourceTitle "CBM 195"]
[Source "ChessBase"]
[SourceDate "2020.04.30"]
[SourceVersion "1"]
[SourceVersionDate "2020.04.30"]
[SourceQuality "1"]

1. d4 g6 2. c4 Bg7 3. Nc3 c5 4. d5 d6 5. e4 e6 6. Bd3 Ne7 7. h3 a6 8. a4 O-O 9.
Nf3 Nd7 10. O-O exd5 11. exd5 Ne5 12. Nxe5 Bxe5 13. Bg5 f6 14. Bd2 Bf5 15. Qf3
Qd7 16. a5 Rae8 17. Rfe1 Bxd3 18. Qxd3 g5 19. Rab1 Ng6 20. Ne4 Re7 21. b4 cxb4
22. Bxb4 g4 23. hxg4 Nf4 24. Qd1 Rg7 25. Bd2 Rxg4 26. Bxf4 Rxf4 27. g3 Rg4 28.
c5 h5 29. Qf3 Qg7 30. Kg2 h4 31. Rxb7 Qg6 32. c6 hxg3 33. fxg3 f5 34. c7 Bxg3
35. Nxg3 f4 36. Qe4 Rxg3+ 37. Kf2 Qxe4 38. Rxe4 Rc3 39. Re7 f3 40. Rg7+ Kh8 41.
Rh7+ Kg8 42. c8=Q Rfxc8 43. Rbg7+ Kf8 44. Rf7+ Kg8 1/2-1/2

[Event "Moscow Aeroflot op-A"]
[Site "Moscow"]
[Date "2020.02.22"]
[Round "4"]
[White "Aryan, Chopra"]
[Black "Buksa, Nataliya"]
[Result "1-0"]
[WhiteElo "2562"]
[BlackElo "2403"]
[PlyCount "123"]
[EventDate "2020.02.19"]
[EventType "swiss"]
[EventRounds "9"]
[EventCountry "RUS"]
[SourceTitle "CBM 195"]
[Source "ChessBase"]
[SourceDate "2020.04.30"]
[SourceVersion "1"]
[SourceVersionDate "2020.04.30"]
[SourceQuality "1"]

1. e4 e5 2. Nf3 Nc6 3. Bb5 a6 4. Ba4 Nf6 5. O-O Nxe4 6. d4 b5 7. Bb3 d5 8. dxe5
Be6 9. Nbd2 Nc5 10. c3 Be7 11. Bc2 d4 12. Nb3 d3 13. Bb1 Nxb3 14. axb3 Bf5 15.
Be3 O-O 16. Bd4 Qd5 17. Re1 Nxd4 18. Nxd4 d2 19. Bxf5 dxe1=Q+ 20. Qxe1 Rad8 21.
Be4 Qd7 22. Bc6 Qc8 23. e6 Kh8 24. Bd7 Rxd7 25. exd7 Qxd7 26. Rxa6 Bf6 27. Nf3
Re8 28. Qa1 Qd5 29. b4 h6 30. h3 Re2 31. Qb1 Re8 32. Qf1 Rd8 33. Ra1 g6 34. Qe2
Kg7 35. Ne1 Be5 36. Kf1 h5 37. Nc2 Bf6 38. Ne3 Qb3 39. Rd1 Rxd1+ 40. Nxd1 c6
41. Ne3 Bg5 42. Qc2 Qe6 43. Qd3 Qa2 44. Qd2 Qe6 45. Ke2 Qa2 46. Kf3 Qb1 47. Qc2
Qa1 48. Qe4 f5 49. Qe5+ Kh7 50. Qc7+ Kh6 51. Qxc6 Bxe3 52. Kxe3 Qxb2 53. g3 Qc2
54. Qc5 h4 55. Qd4 Qc1+ 56. Kf3 Qh1+ 57. Ke2 hxg3 58. Qh8+ Kg5 59. f4+ Kxf4 60.
Qh4+ Ke5 61. Qe7+ Kf4 62. Qe3# 1-0

[Event "Moscow Aeroflot op-A"]
[Site "Moscow"]
[Date "2020.02.22"]
[Round "4"]
[White "Asadli, Vugar Afgan Oglu"]
[Black "Pogosyan, Stefan"]
[Result "1-0"]
[WhiteElo "2538"]
[BlackElo "2455"]
[PlyCount "123"]
[EventDate "2020.02.19"]
[EventType "swiss"]
[EventRounds "9"]
[EventCountry "RUS"]
[SourceTitle "CBM 195"]
[Source "ChessBase"]
[SourceDate "2020.04.30"]
[SourceVersion "1"]
[SourceVersionDate "2020.04.30"]
[SourceQuality "1"]

1. c4 e5 2. Nc3 Nf6 3. Nf3 Nc6 4. e3 Bb4 5. Qc2 O-O 6. Nd5 Re8 7. Qf5 d6 8.
Nxf6+ Qxf6 9. Qxf6 gxf6 10. a3 Bc5 11. b4 Bb6 12. Bb2 a5 13. b5 Ne7 14. d4 Ng6
15. Be2 Bg4 16. Rd1 f5 17. h3 Bh5 18. g4 fxg4 19. Ng5 Nf8 20. c5 dxc5 21. Ne4
Nd7 22. dxc5 Bg6 23. cxb6 Bxe4 24. f3 gxf3 25. Rg1+ Kf8 26. Rxd7 Bf5 27. Rxc7
fxe2 28. a4 Bg6 29. Ba3+ Kg7 30. Be7 f6 31. Rxb7 Rab8 32. Ra7 Kh6 33. Bc5 Red8
34. Rxg6+ Kxg6 35. Kxe2 Kf5 36. Rc7 Ke6 37. e4 Rd7 38. Rc6+ Kf7 39. Be3 h5 40.
Rc7 Ke6 41. Ra7 Rc8 42. b7 Rb8 43. Ra6+ Kf7 44. Rxa5 Rdxb7 45. Ra6 Rd7 46. Rc6
Ra8 47. Rc4 Ke6 48. Bb6 f5 49. Rc6+ Kf7 50. a5 fxe4 51. a6 Rd3 52. Be3 Rb3 53.
Rb6 Rb2+ 54. Kd1 Rb3 55. Bc5 Rc3 56. Bd6 Rxh3 57. Rb8 Rxb8 58. Bxb8 Ra3 59. a7
h4 60. b6 Ke6 61. b7 h3 62. Bxe5 1-0

[Event "Moscow Aeroflot op-A"]
[Site "Moscow"]
[Date "2020.02.22"]
[Round "4"]
[White "Badelka, Olga"]
[Black "Savchenko, Boris"]
[Result "0-1"]
[WhiteElo "2404"]
[BlackElo "2573"]
[PlyCount "78"]
[EventDate "2020.02.19"]
[EventType "swiss"]
[EventRounds "9"]
[EventCountry "RUS"]
[SourceTitle "CBM 195"]
[Source "ChessBase"]
[SourceDate "2020.04.30"]
[SourceVersion "1"]
[SourceVersionDate "2020.04.30"]
[SourceQuality "1"]

1. d4 Nf6 2. c4 g6 3. f3 c5 4. d5 e6 5. Nh3 exd5 6. cxd5 d6 7. Nf2 Bg7 8. e4
O-O 9. Nc3 Na6 10. Be2 Nc7 11. O-O Qd7 12. a4 b6 13. f4 Ba6 14. Bxa6 Nxa6 15.
e5 Ne8 16. Re1 Nb4 17. a5 Nc7 18. exd6 Qxd6 19. Nfe4 Qd7 20. d6 Ne6 21. Nd5 f5
22. Nf2 Nd4 23. Nxb4 cxb4 24. Be3 Qxd6 25. Nd3 b3 26. Bxd4 Qxd4+ 27. Kh1 Qd5
28. Ra3 bxa5 29. Qxb3 Qxb3 30. Rxb3 Rab8 31. Ra3 Rfd8 32. Ne5 Bf8 33. Nc6 Bxa3
34. Nxd8 Rxb2 35. Re8+ Kg7 36. g3 a4 37. Nc6 Bf8 38. Ra8 a3 39. Rxa7+ Kg8 0-1